Detalles MARC
| 000 -LÍDER |
| Campo fijo de descripción fija |
01471cam a22003614i 4500 |
| 001 - NÚMERO DE CONTROL |
| Campo de control |
19887 |
| 003 - IDENTIFICADOR DEL NÚMERO DE CONTROL |
| Campo de control |
CO-MdFUSB |
| 005 - FECHA Y HORA DE LA ULTIMA TRANSACCIÓN |
| control field |
20190202100412.0 |
| 008 - ELEMENTOS DE LONGITUD FIJA -- INFORMACIÓN GENERAL |
| Campo fijo de descripción fija -- Información general |
180227s1940 enk||||| |||| 00| 0 eng d |
| 040 ## - FUENTE DE CATALOGACIÓN |
| Agencia de catalogación original |
CO-MdFUSB |
| Idioma de catalogación |
spa |
| Agencia que realiza la transcripción |
CO-MdFUSB |
| Agencia que realiza la modificación |
CO-MdFUSBC |
| Convenciones de la descripción |
rda |
| 041 0# - CÓDIGO DE IDIOMA |
| Código de idioma para texto/pista de sonido o título separado |
eng |
| 082 04 - NÚMERO DE CLASIFICACIÓN DECIMAL DEWEY |
| Número de clasificación |
G 227.06 |
| Número de la edición del Dewey |
23 |
| Clave de autor-Numero de item |
C318p |
| 100 1# - ASIENTO PRINCIPAL--NOMBRE PERSONAL |
| Nombre personal |
Carrington, Philip, 1892-1975 |
| Término relacionador |
autor |
| 245 14 - TÍTULO |
| Título del Material |
The primitive Christian catechism |
| Parte restante del título - Subtitulo |
: A study in the epistles |
| Mención de responsabilidad, etc. |
/ Philip Carrington |
| 264 #1 - PRODUCCIÓN, PUBLICACIÓN, DISTRIBUCIÓN, MANUFACTURA, Y COPYRIGHT |
| Lugar de producción, publicación, distribución, manufactura |
Cambridge, England : |
| Nombre del productor, publicador, distribuidor |
At the University Press, |
| Fecha de producción, publicación, distribución, manufactura, o copyright |
℗[1940] |
| 264 #1 - PRODUCCIÓN, PUBLICACIÓN, DISTRIBUCIÓN, MANUFACTURA, Y COPYRIGHT |
| Fecha de producción, publicación, distribución, manufactura, o copyright |
©[1940] |
| 300 ## - DESCRIPCIÓN FÍSICA |
| Extensión |
95 páginas ; |
| Dimensiones |
22 cm |
| 336 ## - TIPO DE CONTENIDO |
| Fuente |
rdacontent |
| Término de tipo de contenido |
texto |
| Código de tipo de contenido |
txt |
| 337 ## - TIPO DE MEDIO |
| Fuente |
rdamedia |
| Nombre del tipo de medio |
sin mediación |
| Código del tipo de medio |
n |
| 338 ## - TIPO DE SOPORTE |
| Fuente |
rdacarrier |
| Nombre del tipo de soporte |
volumen |
| Código Tipo de soporte |
nc |
| 501 ## - NOTA DE “CON” |
| Nota de Contenido |
Pasta dura |
| 505 00 - NOTA DE CONTENIDO |
| Nota de contenido con formato preestablecido |
La primitiva catequesis cristiana: Un estudio en las epístolas - Torá en Israel - Bautismo de prosélitos - 1 Pedro y paralelos - Los cuatro puntos - El vocabulario del patrón - El patrón común - La unidad social-religiosa - La escritura de los documentos - La recepción de la palabra |
| 650 #0 - ASIENTO SECUNDARIO DE MATERIA - TERMINO TEMÁTICO |
| Término temático o nombre geográfico como elemento de entrada |
Biblia |
| 9 (RLIN) |
16 |
| 650 #7 - ASIENTO SECUNDARIO DE MATERIA - TERMINO TEMÁTICO |
| Término temático o nombre geográfico como elemento de entrada |
Crítica textual |
| Fuente del encabezamiento o término |
|
| 9 (RLIN) |
482 |
| 650 #7 - ASIENTO SECUNDARIO DE MATERIA - TERMINO TEMÁTICO |
| Término temático o nombre geográfico como elemento de entrada |
Hermenéutica |
| 9 (RLIN) |
418 |
| 650 #7 - ASIENTO SECUNDARIO DE MATERIA - TERMINO TEMÁTICO |
| Término temático o nombre geográfico como elemento de entrada |
Teología bíblica |
| 9 (RLIN) |
320 |
| 653 ## - TÉRMINO DE INDIZACIÓN - NO CONTROLADO |
| Término no controlado |
Bible. Epistles of Paul - Criticism, interpretation, etc. |
| 653 ## - TÉRMINO DE INDIZACIÓN - NO CONTROLADO |
| Término no controlado |
Bible. Epistles of Paul -Theology |
| 653 ## - TÉRMINO DE INDIZACIÓN - NO CONTROLADO |
| Término no controlado |
Biblia. - Epístolas - La crítica, interpretación, etc. |
| 653 ## - TÉRMINO DE INDIZACIÓN - NO CONTROLADO |
| Término no controlado |
Biblia. - Epístolas. |
| 942 ## - TIPO DE MATERIAL (KOHA) |
| Tipo de Item KOHA |
Libros General |